<?xml version="1.0" encoding="UTF-8"?><?xml-stylesheet type="text/xsl" href="static/style.xsl"?><OAI-PMH xmlns="http://www.openarchives.org/OAI/2.0/" xmlns:xsi="http://www.w3.org/2001/XMLSchema-instance" xsi:schemaLocation="http://www.openarchives.org/OAI/2.0/ http://www.openarchives.org/OAI/2.0/OAI-PMH.xsd"><responseDate>2026-04-13T14:24:46Z</responseDate><request verb="GetRecord" identifier="oai:www.recercat.cat:10256/21458" metadataPrefix="marc">https://recercat.cat/oai/request</request><GetRecord><record><header><identifier>oai:recercat.cat:10256/21458</identifier><datestamp>2024-06-18T12:38:15Z</datestamp><setSpec>com_2072_452955</setSpec><setSpec>com_2072_2054</setSpec><setSpec>col_2072_453068</setSpec></header><metadata><record xmlns="http://www.loc.gov/MARC21/slim" xmlns:dcterms="http://purl.org/dc/terms/" xmlns:xsi="http://www.w3.org/2001/XMLSchema-instance" xmlns:doc="http://www.lyncode.com/xoai" xsi:schemaLocation="http://www.loc.gov/MARC21/slim http://www.loc.gov/standards/marcxml/schema/MARC21slim.xsd">
   <leader>00925njm 22002777a 4500</leader>
   <datafield ind2=" " ind1=" " tag="042">
      <subfield code="a">dc</subfield>
   </datafield>
   <datafield ind2=" " ind1=" " tag="720">
      <subfield code="a">González del Rio, Marina</subfield>
      <subfield code="e">author</subfield>
   </datafield>
   <datafield ind2=" " ind1=" " tag="720">
      <subfield code="a">Bertran i Noguer, Carme</subfield>
      <subfield code="e">author</subfield>
   </datafield>
   <datafield ind2=" " ind1=" " tag="720">
      <subfield code="a">Ramió i Torrentà, Lluís</subfield>
      <subfield code="e">author</subfield>
   </datafield>
   <datafield ind2=" " ind1=" " tag="720">
      <subfield code="a">Zabaleta del Olmo, Edurne</subfield>
      <subfield code="e">author</subfield>
   </datafield>
   <datafield ind2=" " ind1=" " tag="260">
      <subfield code="c">2022-09-01</subfield>
   </datafield>
   <datafield ind2=" " ind1=" " tag="520">
      <subfield code="a">Objectives&#xd;
This review aimed to summarize the evidence on the measurement properties of available disease-related knowledge measurement instruments in people with multiple sclerosis.&#xd;
Study Design and Setting&#xd;
We performed a literature search in the MEDLINE (PubMed), CINAHL (EBSCOhost), and PsycINFO (EBSCOhost) databases from inception to February 10, 2021. Eligible studies were reports developing a disease-related knowledge measurement instrument or assessing one or more of its measurement properties. We assessed the methodological quality of the included studies independently using the “COSMIN Risk of Bias” checklist. We graded the quality of the evidence using a GRADE approach.&#xd;
Results&#xd;
Twenty-four studies provided information on 14 measurement instruments. All instruments showed sufficient evidence for content validity, three for structural validity, and seven for hypothesis testing for construct validity. Cross-cultural validity and criterion validity were not assessed in any instrument. Only two instruments showed sufficient evidence for the internal consistency of their scores, and two others for their test–retest reliability. Responsiveness was assessed in one instrument, but it was rated as indeterminate.&#xd;
Conclusion&#xd;
Based on the available evidence, two instruments can be recommended for use, two are unrecommended, and five have the potential to be recommended for use but require further research</subfield>
   </datafield>
   <datafield ind2=" " ind1=" " tag="520">
      <subfield code="a">Open Access funding provided thanks to the CRUE-CSIC agreement with Elsevier</subfield>
   </datafield>
   <datafield ind1="8" ind2=" " tag="024">
      <subfield code="a">http://hdl.handle.net/10256/21458</subfield>
   </datafield>
   <datafield tag="653" ind2=" " ind1=" ">
      <subfield code="a">Esclerosi múltiple</subfield>
   </datafield>
   <datafield tag="653" ind2=" " ind1=" ">
      <subfield code="a">Multiple sclerosis</subfield>
   </datafield>
   <datafield ind2="0" ind1="0" tag="245">
      <subfield code="a">Multiple sclerosis diseaseerelated knowledge measurement instruments show mixed performance: a systematic review</subfield>
   </datafield>
</record></metadata></record></GetRecord></OAI-PMH>